000 01243na a2200289 4500
001 16258
003 MIRAKIL
005 20181213155303.0
008 161004b tu 000 0
035 _a16258
040 _aMilas
_btur
_cTR-AnCHP
041 _atur
082 _a320.9561
_bD55h [1992]
090 _a320.9561 D55h [1992]
100 _aDemirel, Süleyman
_d1924-2015
245 _aHerşey Türkiye için
_bTürkiye'de yeni bir dönem: demokrasi, istikrar, kalkınma ve dünya ile işbirliği
_c[Süleyman Demirel]
246 _aBaşbakan Süleyman Demirel'in 49. hükümet faaliyetlerine ilişkin 24.8.1992 tarihli değerlendirmeleri
246 _aTürkiyede demokrasi, istikrar, kalkınma ve dünya ile işbirliği
246 _aTürkiye'de yeni bir dönem: demokrasi, istikrar, kalkınma ve dünya ile işbirliği
260 _aAnkara
_b[yayl.y.]
_c1992
300 _avii, 247 s.
_brnkl. fotğ.
_c24 sm.
500 _aBaşbakan Sayın Süleyman Demirel'in hükümet faaliyetlerine ilişkin Mart-Nisan 1993 Birleşik Basın Toplantısı değerlendirmeleri
600 _aDemirel, Süleyman
_d1924-2015
650 _aHükümetler
_xTarih
_zTürkiye
651 _aTürkiye
_xSiyasal durum
_y20. yüzyıl
942 _2dcc
_cBKS
999 _c9973
_d9973